000 00515cam a22001931 4500
001 af 47000360
003 DLC
005 20260227110802.0
008 890517s1943 gw 000 1 ger c
010 _aaf 47000360
035 _a(OCoLC)19725554
040 _aYale univ. Library
_cCU
_dDLC
042 _apremarc
050 0 0 _aPT2638.O24
_bW5
100 1 _aSchöer, Anna Maria.
245 1 0 _aWir stehen unseren mann!
_bRoman.
260 _aLeipzig,
_bLipsia-verlag Friedrich & co.
_c[1943]
300 _a260 p.
_c19 cm.
999 _c756
_d756